Datum a čas kvízu
18
Celkem bodů
Celkový počet nahraných bodů na tomto kvízu bez doplňovacích otázek.
4.
Pořadí na kvízu
Konečné umístění týmu na tomto kvízu.
Zaznamenané odpovědi
| # | Otázka | Odpověď | Body | Výsledky |
|---|---|---|---|---|
| 1. | Facebook minulý týden zablokov... | Trutnov | 0 | |
| 2. | Jak se jmenuje stát na severov... | Súdán | 0 | |
| 3. | Která moderátorka zábavné sout... | Tereza Kostková | 1 | |
| 4. | Mark Zuckerberg minulý týden n... | Meta | 0 | |
| 5. | Polský fotbalový klub z nižší... | B | 0 | |
| 6. | Pojďme se společně chvíli troc... | Casper | 1 | |
| 7. | I v nevinně vypadajících hračk... | Annabelle | 0 | |
| 8. | Máloco člověku způsobilo takov... | A) Doktor Spánek | 0 | |
| 9. | Dokážete správně přiřadit tyto... | 1B 2D 3C 4A | 0 | |
| 10. | Bílá paní je nejen nadpřirozen... | gin | 0 |